000 01190cam a22003013a 4500
001 29608
003 PGUSA
005 20140828083636.0
008 090804s2009||||xxu|||||s|||||000 | eng d
040 _aPGUSA
_beng
042 _adc
050 4 _aE456
100 1 _aKidd, James Harvey,
_d1840-1913
245 1 0 _aPersonal Recollections of a Cavalryman :
_bWith Custer's Michigan Cavalry Brigade in the Civil War
_h[electronic resource] /
_cJames Harvey Kidd
260 _bProject Gutenberg,
_c2009
506 _aPublic domain in the USA.
516 _aElectronic text
653 _aKidd, James Harvey, 1840-1913
653 _aMichigan -- History -- Civil War, 1861-1865 -- Personal narratives
653 _aUnited States. Army. Michigan Cavalry Brigade (1862-1865)
653 _aUnited States -- History -- Civil War, 1861-1865 -- Regimental histories
653 _aMichigan -- History -- Civil War, 1861-1865 -- Regimental histories
653 _aUnited States -- History -- Civil War, 1861-1865 -- Personal narratives
653 _aSoldiers -- Michigan -- Biography
830 0 _aProject Gutenberg
_v29608
856 4 0 _uhttp://www.gutenberg.org/ebooks/29608
942 _cEB
999 _c258863
_d258863